Les youtubers et streamers francophones à suivre - Statistiques

Statistiques générales
  • Ce quiz a été pris 345 fois
  • Le résultat moyen est 22 sur 65
Statistiques - réponses
Hint Pseudo du youtuber % Correct
Ouverture booster David Lafarge j
86%
Thread horreur Squeezie
85%
French monster Gotaga
77%
Yuki Michou
73%
Mili mili Inoxtag
71%
La frite Seb
70%
Pop corn Domingo
67%
Les fantômes Le grand jd
61%
Rap Mister v
61%
Le rire jaune 1 Kevin tran
60%
L'épopée temporelle Cyprien
59%
Wtc Antoine Daniel
58%
La chemise la plus connue Joueur du grenier
58%
Clap Amixem
57%
Le duo Mc fly
57%
Le duo Carlito
56%
Le rire jaune 2 Henry tran
56%
One piece Mastu
54%
Le boss de Twitch Zerator
53%
Musique Joyca
51%
Poce bleu Ibra tv
49%
Le vieux monsieur Mister mv
48%
Le présentateur Doigby
47%
Fast food maison Fast good cuisine
46%
SuperC... Cyril
44%
La switch Ponce
44%
La flûte Locklear
41%
Le tortank Tibo in shape
39%
Graphiques Pierre Croce
38%
Posé Hugo Posay
36%
Bonnet Jiraya
34%
Deux chiens Natoo
34%
Top 7 Doc seven
33%
Science vulgarisée Dr Nozman
32%
Pyrobarbare Bob Lennon
31%
Vol première classe pour Cuba Freddy gladieux
31%
React Xari
30%
Histoire Rivenzi
27%
Juste collègue Benjamin Verrechia
22%
Pokemon Newtiteuf
20%
Blog et beauty Lena situations
19%
Point culture Links the sun
19%
Les théories Didi chandouidoui
17%
Jeu de grattage Lucas Studio
17%
Cuisine et geek Gastronogeek
16%
Jdr sur table Alphacast
14%
Pire des nuits Neoxi
14%
Il crit en Belgique Jimmy labeuh
12%
Olympiades Camille lv
10%
Khapt asmr Guizzi
9%
Nba CodJordan23
5%
Belge et cinéaste Matt se fait des films
5%
Du vlog et du call of Mr lev12
4%
Sniper Skyrozz
4%
Hélène et les garçons Aurélien preveaux
3%
Recette au quebec Carl IS cooking
3%
Bad news Davy Mourier
3%
24h challenges Huby
3%
La passion Lechefotaku
3%
Oooh Bonjour et bienvenue Benzaie
2%
Humour décalé Léopold
2%
Flippers Mrbboy45
2%
C fun ! C'est ça le catch
1%
Guitare Waxx
1%
Le futur talent Rob Le Rouge
0%
Aucun quiz correspondant
Distribution des résultats
% des personnes avec chaque résultat
Percentile par nombre de réponses
Votre historique - résultats
Vous n’avez pas pris ce quiz